00362nam a2200133Ia 4500008004100000041000800041082001400049100003000063245005100093250000800144260004700152300000700199650002200206230711s9999||||xx |||||||||||||| ||und|| aENG a624bBU-I aBureau of Indian Standard 0aIS : 2720 Pt XXXVIIbMethod of soils Pt XXXVII a1st c1976aNew DelhibBureau of Indian Standard a15 aCivil Engineering